El sistema educativo

Detalles Bibliográficos
Autor principal: Loyo Brambila, Aurora
Formato: eBook
Lenguaje:español
Publicado: [Mx̌ico] : Nostra Ediciones, 2011.
Materias:
Acceso en línea:Acceso restringido

MARC

LEADER 00000nam a22000007a 4500
005 20110831105335.0
008 110831t2011 mx ||||s|||| 00| 0 spa d
020 |a 978-607-7603-61-0  
035 |a 5507 
040 |a vLex 
090 |c 2312  |d 2312 
100 1 |a Loyo Brambila, Aurora 
245 1 3 |a El sistema educativo  |c Aurora Loyo Brambila   |h [Recurso electrn̤ico] / 
256 |a Servicio en ln̕ea. 
260 |a [Mx̌ico] :  |b Nostra Ediciones,  |c 2011. 
500 |a Esta obra servir ̀al lector no especializado como fuente de informacin̤ actual y punto de referencia indispensable para conocer y fundamentar sus opiniones sobre el sistema educativo, tanto en su desarrollo histr̤ico como en la actualidad. Adems̀ de la revisin̤ crt̕ica acerca del proceso en estos doscientos aǫs, realizada por una notable especialista en el tema, se presenta un apartado estads̕tico con datos sobre aspectos esenciales, todos elementos de importancia para comprender cm̤o ha evolucionado y los retos que enfrenta la educacin̤ en nuestro pas̕.  
506 1 |a Contenido solo disponible en los productos indicados  |d vLex Global  |d vLex Global (Academic Edition, excluding Law Schools)  |d vLex Global (U.S. Academic Edition, Law Schools)  |d vLex Global (U.S. Academic Edition, excluding Law Schools)  |d vLex Global (Academic Edition, Law Schools) 
650 0 4 |a Sistema educativo  |z Mx̌ico 
740 0 |a vLex Libros (Servicio en ln̕ea) 
856 4 0 |u http://vlex.com/source/sistema-educativo-5507  |z Acceso restringido 
942 |c BOOK